000 00500nam a2200181Ia 4500
005 20250326142724.0
008 250326s9999 xx 000 0 und d
037 _aTextbook
040 _aFMSL
_beng
_cFMSL
041 _aeng
_2eng
084 _aX:979D.5 M3
_qFMSL
100 _aWalsh K
_9746505
245 0 _aStrikes in Europe and the united states
_cWalsh K
260 _aLondon
_bLondon, Frances
_c1983
300 _a244p
942 _cTB
_hX:979D.5 M3
999 _c1296354
_d1296354